000 00602nam a22001817a 4500
999 _c10772
_d10772
003 AR-CdUCM
008 190401b ||||| |||| 00| 0 spa d
040 _aMUNICIPALIDAD PROVINCIAL DEL CUSCO
_cBIBLIOTECA MUNICIPAL DEL CUSCO
082 _aEP / 398 /
_bV42
110 _aFondo de las naciones unidas para la infancia UNICEF
_927788
245 _aQhapaq Yachay :
_bApuqrunan /
260 _aCusco :
_bDanny´s Graff E.I.R.L,
_c2008.
300 _a35 paginas ;
_bIlustraciones,
_c21 cm.
505 _aContenido :Cuentos en quechua /
650 _aCuentos
_9312
942 _2ddc
_cLIBROS
945 _arjall